A fogyasztói társadalom hatásai a mai modern esküvőkre és az esküvőiparra

Bibliográfiai részletek
Szerző: Szabó Virág Gabriella
További közreműködők: Bodnár László
Dokumentumtípus: Diplomadolgozat
Kulcsszavak:Esküvőipar
Fogyasztói társadalom
Esküvő
Házasságkötés
Online Access:http://dolgozattar.uni-bge.hu/13860

MARC

LEADER 00000nta a2200000 i 4500
001 dolg13860
005 20180322091403.0
008 171211suuuu hu om 000 hun d
040 |a BGE Dolgozattár Repozitórium  |b hun 
041 |a hu 
100 1 |a Szabó Virág Gabriella 
245 1 2 |a A fogyasztói társadalom hatásai a mai modern esküvőkre és az esküvőiparra  |c Szabó Virág Gabriella  |h [elektronikus dokumentum] 
695 |a Esküvőipar 
695 |a Fogyasztói társadalom 
695 |a Esküvő 
695 |a Házasságkötés 
700 1 |a Bodnár László  |e ths 
856 4 0 |u http://dolgozattar.uni-bge.hu/13860/1/A%20fogyaszt%C3%B3i%20t%C3%A1rsadalom%20hat%C3%A1sai%20a%20mai%20modern%20eskv%C5%91kre%20%C3%A9s%20az%20eskv%C5%91iparra.pdf  |z Dokumentum-elérés